• 首页
  • 本馆介绍
  • 公告通知
  • 最新文献
  • 馆藏检索
  • 电子资源
  • 读者导购
  • 参考咨询
  • 我的图书馆
  • 登录
  • 详细信息显示
  • 放入我的书架
  • 预约/预借图书
  • 作者相关作品
  • 分类相关作品
  • 丛书相关作品
  • 出版社相关作品

书目信息

  • 表格格式
  • 工作单格式
  • 卡片格式
题名:
生物进化
    
 
作者: 张昀 编著
分册:  
出版信息: 北京   北京大学出版社  1998
页数: 266页
开本: 26cm
丛书名:
单 册:
中图分类: Q11
科图分类:
主题词: 生物--进化 , 生物--发展
电子资源:
ISBN: 7-301-03645-0
000 00547nam0 2200205 45
001 0405241618
005 20090421090258.51
010    @a7-301-03645-0@dCNY26.00
100    @a20040524d1998 km y0chiy0120 ea
101 0  @achi
105    @aa z 000yy
200 1  @a生物进化@ASheng Wu Jin Hua@f张昀编著@FZhang Yun Bian Zhu
210    @a北京@c北京大学出版社@d1998
215    @a266页@c图@d26cm
606 0  @a生物@x进化
606 0  @a生物@x发展
690    @aQ11@v3
701  0 @a张昀@4编著
801    @aCN@bPftUser@c20090421
905    @dQ11@e42@f1@b280282
    
    生物进化/张昀编著.-北京:北京大学出版社,1998
    266页:图;26cm
    
    
    ISBN 7-301-03645-0:CNY26.00
    
●
相关链接 在E读中查询图书 在五车中查询图书 在当当中查询图书 在豆瓣中查询图书


正题名:生物进化     索取号:Q11/42         预约/预借

序号 登录号 条形码 馆藏地/架位号 状态 备注
1 0280282   002802827   第三借阅区/ [索取号:Q11/42] 在馆    
2 0280283   002802836   第三借阅区/ [索取号:Q11/42] 在馆    
3 0280284   002802845   第二样本阅览室/ [索取号:Q11/42] 在馆    
4 0483534   204835349   密集书库/ [索取号:Q11/42] 在馆    
5 0483535   204835358   密集书库/ [索取号:Q11/42] 在馆    
6 0483536   204835367   密集书库/ [索取号:Q11/42] 在馆    
7 0483537   204835376   密集书库/ [索取号:Q11/42] 在馆    
8 0483538   204835385   密集书库/ [索取号:Q11/42] 在馆    
9 0483539   204835394   密集书库/ [索取号:Q11/42] 在馆    
10 0483540   204835401   密集书库/ [索取号:Q11/42] 在馆    
11 0483541   204835410   密集书库/ [索取号:Q11/42] 在馆    
12 0483542   204835429   密集书库/ [索取号:Q11/42] 在馆    
13 0483543   204835438   密集书库/ [索取号:Q11/42] 在馆    
14 0626946   206269465   第三借阅区/ [索取号:Q11/42] 在馆    
15 0768615   207686155   密集书库/ [索取号:Q11/42] 在馆    
16 0776983   207769832   库房3/ [索取号:Q11/42] 在馆    
17 0776984   207769841   库房3/ [索取号:Q11/42] 在馆    
18 0776985   207769850   库房3/ [索取号:Q11/42] 在馆    
19 0776986   207769869   库房3/ [索取号:Q11/42] 在馆    
20 0776987   207769878   库房3/ [索取号:Q11/42] 在馆    
21 0776988   207769887   库房3/ [索取号:Q11/42] 在馆    
22 0776989   207769896   库房3/ [索取号:Q11/42] 在馆    
23 0776990   207769903   库房3/ [索取号:Q11/42] 在馆    
24 0776991   207769912   库房3/ [索取号:Q11/42] 在馆    
25 0776992   207769921   库房3/ [索取号:Q11/42] 在馆    
26 0776993   207769930   库房3/ [索取号:Q11/42] 在馆    
27 0776994   207769949   库房3/ [索取号:Q11/42] 在馆    
28 0776995   207769958   库房3/ [索取号:Q11/42] 在馆    
29 0776996   207769967   库房3/ [索取号:Q11/42] 在馆    
30 0776997   207769976   库房3/ [索取号:Q11/42] 在馆    
31 0778186   207781863   密集书库/ [索取号:Q11/42] 在馆    
32 0787861   207878616   密集书库/ [索取号:Q11/42] 在馆    
唐山师范学院图书馆 欢迎您!
大连网信软件有限公司© 版权所有